000
00264nam a2200109Ia 4500
008
190216s9999||||xx |||||||||||||| ||und||
100
_a
Singh A K
245
0
_a
History Of Far East In Modern Times
260
_b
Surjeet Pubs.Delhi
650
_a
History
942
_c
BK
999
_c
19796
_d
19796